000 00503nam a2200181Ia 4500
003 LK-CoDNM
008 010623t1978 xxu||||| |||| 00| 1 eng d
040 _aLK-CoDNM
_dLK-CoDNM
_eLK-CoDNM
041 _aeng
080 _a981 BOT
100 _aBotting,Douglas
245 _aRio de Janeiro
260 _bTime Life Books
_aAmsterdam
_c1978
300 _b200p.71pl,iill,map, 27 cm
650 _aBrazil
650 _aCorcovavo 625: Brazil 625: Index,Bibliography,Photo of Corcovaro
942 _cBK
999 _c110452
_d110452